Rap fr feat - Statistiques

Statistiques générales
  • Ce quiz a été pris 181 fois
  • Le résultat moyen est 5 sur 15
Statistiques - réponses
Album Artiste Année Nombre Feat % Correct
Les derniers salopards Maes 2020 3 Booba / Ninho / Jul
92%
Sans visa Soolking 2022 7 Niska / Naps / Heuss l’enfoiré / Reynmen / Kendji Girac / Tayc / Rim’k
80%
Trop tôt pour mourir Dosseh 2022 9 Tiakola / Zed / Werenoi / Leto / Lacrim / Dinos / Momsii / Josman / Tayc
53%
Vingt-deux Ashe22 2023 6 Central cee / Soolking / Rim’k / ElGrandeToto / Hamza / Osirus jack
43%
Money Time Ghetto Phénomène 2019 4 Soprano / RAF Comora / Jul / Keblack
40%
Légende vivante Lorenzo 2022 6 Heuss l’enfoiré / bbno$ / Le poto Rico / Tony Corrida / Jean Dujardin / Vladimir Cauchemar
36%
Dans ma bulle Diam’s 2006 2 Vitaa / Jacky brown
36%
Vrai 2 vrai DA Uzi 2021 6 Freeze corleone / Heuss l’enfoiré / Nekfeu / Soso maness / Zkr / MHD
33%
Monument Alkpote 2019 4 Philippe Katerine / Roméo Elvis / Kaaris / Kalash Criminel
23%
Voltaire Fresh la douille 2023 3 Maes / Zkr / Heuss l’enfoiré
19%
Imany Dinos 2018 2 Ateyaba / Youssoupha
18%
Sad Hill Kheops 1996 17 IAM / X men / Def bond / Stomy bugsy / le 3eme oeil / faf larage / freeman / Hi Fi / Grand master martin / MC Guichard / Oxmo puccino / Sentenza / Passi / Fabe / Koma / Shurik’n / Pit baccardi
18%
Lamine Guizmo 2020 2 Soso maness / Leto
13%
Jungle vol.2 Guy2bezbar 2017 4 Omzo / Sadek / Graya / Junior Bvndo
4%
Universel 113 2010 5 Amel Bent / Cheb Bilal / Benjamin Biolay / Magic System / Flavor flav / Wealstarr
3%
Aucun quiz correspondant
Distribution des résultats
% des personnes avec chaque résultat
Percentile par nombre de réponses
Votre historique - résultats
Vous n’avez pas pris ce quiz